Oleaje de nubes-- y calma / (Record no. 180053)

MARC details
000 -LEADER
campo de control de longitud fija 00666nam a2200229 i 4500
001 - NÚMERO DE CONTROL
campo de control 180053
003 - IDENTIFICADOR DE NÚMERO DE CONTROL
campo de control ES-MaACL
005 - FECHA Y HORA DE LA ÚLTIMA TRANSACCIÓN
campo de control 20230906220958.0
008 - DATOS DE LONGITUD FIJA--INFORMACIÓN GENERAL
campo de control de longitud fija 120404s2011 sp |||| | spa d
020 ## - NÚMERO INTERNACIONAL ESTÁNDAR DEL LIBRO
Número Internacional Estándar del Libro 978-84-7962-693-8
080 ## - NÚMERO DE LA CLASIFICACIÓN DECIMAL UNIVERSAL
Número de la Clasificación Decimal Universal 821.134.2-14"19"
100 1# - ENTRADA PRINCIPAL--NOMBRE DE PERSONA
Nombre de persona Jiménez López, Félix.
9 (RLIN) 66550
245 10 - MENCIÓN DEL TÍTULO
Título Oleaje de nubes-- y calma /
Mención de responsabilidad, etc. Félix Jiménez.
260 ## - PUBLICACIÓN, DISTRIBUCIÓN, ETC.
Lugar de publicación, distribución, etc. Madrid :
Nombre del editor, distribuidor, etc. Verbum,
Fecha de publicación, distribución, etc. [2011]
300 ## - DESCRIPCIÓN FÍSICA
Extensión 77 p. ;
Dimensiones 20 cm.
490 1# - MENCIÓN DE SERIE
Mención de serie Verbum poesía
594 ## - Nota al título y mención de responsabilidad
Nota al título y mención de responsabilidad Prólogo, José Guadalajara.
700 1# - ENTRADA AGREGADA--NOMBRE PERSONAL
Nombre de persona Guadalajara Medina, José.
9 (RLIN) 60269
830 0# - PUNTO DE ACCESO ADICIONAL DE SERIE-TÍTULO UNIFORME
Título uniforme Verbum poesía
9 (RLIN) 179410
852 ## - LOCALIZACIÓN
Ubicación ES-MaACL
Número de control de estantería 2309-F-13
Holdings
Estatus retirado Estado de pérdida Estado de daño No para préstamo Colección Biblioteca de origen Biblioteca actual Ubicación en estantería Fecha de adquisición Fuente de adquisición Total de préstamos Signatura topográfica completa Código de barras Visto por última vez Precio de reemplazo Tipo de ítem Koha
        Colección de folletos Biblioteca del Ateneo de Madrid Biblioteca del Ateneo de Madrid Depósito folletos 04/04/2012     2309-F-13 1189179 23/02/2023 23/02/2023 Folleto